Sanat - "Säännöt rakkaudelle" - Anna Puu - Statistics

Yleistilastot
  • Tätä visaa on pelattu 112 kertaa
  • Keskiarvotulos 123 / 154
Vastaustilastot
Vastaus % Oikein
saa
100%
Me
99%
me
99%
emme
96%
rakkaudelle
95%
säännöt
95%
ja
94%
meidän
94%
täytyy
94%
keksiä
92%
toisiamme
92%
on
91%
ajoissa
90%
jo
90%
niiden
90%
sääntö
87%
ensimmäinen
86%
kotiin
86%
rajoissa
86%
rakastaa
86%
tämä
86%
niin
84%
että
82%
kolmas
82%
risteyksiin
82%
haluta
79%
hiljentää
77%
kaks
77%
numero
75%
viimeinen
75%
kääntyä
73%
jos
69%
valehdellaan
64%
koskaan
60%
toisillemme
60%
kaiken
58%
rakkaillemme
58%
riisuisimme
57%
totuuden
57%
kotona
56%
hylätä
55%
katsoa
55%
paljastamme
55%
sanoa
55%
entä
52%
luotiin
52%
meidät
52%
yhdeksi
52%
mitäpä
49%
portin
49%
rakastumme
49%
sittenkin
49%
alussa
48%
avaamme
48%
viimeisenkin
48%
voi
48%
elää
45%
emmekä
44%
lohduttomin
43%
omillamme
43%
vajotaan
42%
iäksi
39%
viereen
39%
sisään
29%
tarvita
29%
laskemme
26%
Ehtoja vastaavia visoja ei löytynyt
Tulosjakauma
Jokaisen tuloksen saaneiden osuus
Persentiili vastausten määrän mukaan
Tuloshistoriasi
Et ole pelannut tätä visaa